书目信息 |
| 题名: |
建筑中光伏利用
|
|
| 作者: | 杨洪兴 , 石文超 著 | |
| 分册: | ||
| 出版信息: | 北京 中国建筑工业出版社 2024.12 |
|
| 页数: | 180页 | |
| 开本: | 27cm | |
| 丛书名: | “双碳”目标下建筑中可再生能源利用 | |
| 单 册: | ||
| 中图分类: | TU18 | |
| 科图分类: | ||
| 主题词: | 太阳能建筑--tai yang neng jian zhu--建筑设计--研究 | |
| 电子资源: | ||
| ISBN: | 978-7-112-30633-6 | |
| 000 | 01229nam 2200289 450 | |
| 001 | 89235 | |
| 005 | 20250814094319.74 | |
| 010 | @a978-7-112-30633-6@b精装@dCNY62.00 | |
| 100 | @a20250304d2024 em y0chiy50 ea | |
| 101 | 0 | @achi |
| 102 | @aCN@b110000 | |
| 105 | @aa a 000yy | |
| 106 | @ar | |
| 200 | 1 | @a建筑中光伏利用@Ajian zhu zhong guang fu li yong@f杨洪兴, 石文超著 |
| 210 | @a北京@c中国建筑工业出版社@d2024.12 | |
| 215 | @a180页@c图@d27cm | |
| 225 | 2 | @a“双碳”目标下建筑中可再生能源利用@A“ shuang tan ” mu biao xia jian zhu zhong ke zai sheng neng yuan li yong |
| 300 | @a国家出版基金项目 | |
| 320 | @a有书目 | |
| 330 | @a本书共分为6章, 在2012年出版的《光伏建筑一体化工程》的基础上重新编写, 主要根据最近几年的研究成果做了大量的修改。本书主要涵盖了建筑中光伏应用的基本知识、系统设计方法、近年来较新的科研进展和案例等, 让读者更加直观地认识光伏在建筑中的应用以及影响其性能的多种因素, 直接感受它的独特魅力。 | |
| 410 | 0 | @12001 @a“双碳”目标下建筑中可再生能源利用 |
| 606 | 0 | @a太阳能建筑@Atai yang neng jian zhu@x建筑设计@x研究 |
| 690 | @aTU18@v5 | |
| 701 | 0 | @a杨洪兴@Ayang hong xing@4著 |
| 701 | 0 | @a石文超@Ashi wen chao@4著 |
| 801 | 0 | @aCN@c20250909 |
| 905 | @a河南城建学院图书馆@dTU18@eY190@f1 | |
| 建筑中光伏利用/杨洪兴, 石文超著.-北京:中国建筑工业出版社,2024.12 |
| 180页:图;27cm.-(“双碳”目标下建筑中可再生能源利用) |
| 国家出版基金项目 |
| ISBN 978-7-112-30633-6(精装):CNY62.00 |
| 本书共分为6章, 在2012年出版的《光伏建筑一体化工程》的基础上重新编写, 主要根据最近几年的研究成果做了大量的修改。本书主要涵盖了建筑中光伏应用的基本知识、系统设计方法、近年来较新的科研进展和案例等, 让读者更加直观地认识光伏在建筑中的应用以及影响其性能的多种因素, 直接感受它的独特魅力。 |
| ● |
| 相关链接 |
|
|
|
正题名:建筑中光伏利用
索取号:TU18/Y190
 
预约/预借
| 序号 | 登录号 | 条形码 | 馆藏地/架位号 | 状态 | 备注 |
| 1 | 1623197 | 216231977 | 建筑库101/101建筑库 27排2列2层/ [索取号:TU18/Y190] | 在馆 |